000 00378nam a2200157Ia 4500
008 230917s9999||||xx |||||||||||||| ||und||
020 _cRS27
040 _e24138
_aMAIN
041 _aEnglish
082 _a942 G959B
100 _aGupta, Parthsarthi
245 0 _aBritain ka itihas
260 _aDelhi
_bHindi Madhyam Karyanvaya
_c1979
300 _axi, 424 p.
942 _cBK
999 _c226162
_d226162